[Event "Challenge"]
[Site "http://www.queenalice.com/game.php?id=1836437"]
[Date "2024.5.7"]
[Round "-"]
[White "wj64"]
[Black "chyco"]
[Result "0-1"]
[WhiteElo "1627"]
[BlackElo "1579"]

1. c4 c5 2. Nc3 e6 3. Nf3 g5 4. g4 Nc6 5. d3 h6 6. e4 e5 7. Nd5 Nf6 8. Nxf6+
Qxf6 9. Be3 d6 10. h3 Be7 11. a3 a5 12. Bg2 Qg7 13. Nd2 Qg6 14. f3 b6 15. Qa4
Bd7 16. Qd1 f6 17. Qe2 Be6 18. O-O-O O-O 19. Nb3 Rfb8 20. Kd2 a4 21. Nc1 Na5 22.
Ke1 b5 23. b3 bxc4 24. bxc4 Qe8 25. Kf2 Bd8 26. Rd2 Nb3 27. Nxb3 Rxb3 28. Ra1
Rab8 29. Rda2 Rb1 30. Rxb1 Rxb1 31. Bd2 Qc6 32. Kg3 Qb6 33. Bc3 Qb3 34. Qc2 Qxc2
35. Rxc2 Rb3 36. Bb2 Rxd3 37. Bf1 Rb3 38. Kf2 Rb7 39. Ke3 Ba5 40. Be2 Be1 41.
Bd1 Bg3 42. Bc3 Bf4+ 43. Kf2 Bxc4 44. Ba5 Bb3 45. Rb2 Bc1 46. Rb1 Bxa3 47. Bxb3+
axb3 48. Rd1 Rb5 49. Bc7 b2 50. Rb1 c4 51. Ke2 Rb3 52. Ba5 Rd3 53. Bd2 Rb3 54.
Kf2 c3 55. Bxc3 Rxc3 56. Kg3 Rc1 57. Rxb2 Bxb2 58. Kg2 Bd4 59. Kg3 Be3 60. h4
Bf4+ 61. Kh3 Rh1+ 62. Kg2 Rh2+ 63. Kg1 gxh4 64. g5 hxg5 65. Kf1 h3 66. Kg1 Ra2
0-1

[Event "Challenge"]
[Site "http://www.queenalice.com/game.php?id=1836438"]
[Date "2024.5.7"]
[Round "-"]
[White "chyco"]
[Black "wj64"]
[Result "1-0"]
[WhiteElo "1560"]
[BlackElo "1646"]

1. e3 e5 2. e4 c6 3. Bc4 b5 4. Bd3 Qf6 5. f3 a6 6. a3 Ne7 7. b4 Ng6 8. Bb2 Nf4
9. Kf1 Qg6 10. g3 Nxd3 11. cxd3 d6 12. g4 f6 13. h3 h6 14. Bc3 Be6 15. a4 Be7
16. axb5 cxb5 17. Qe2 Bc8 18. h4 h5 19. gxh5 Rxh5 20. Qf2 f5 21. Na3 f4 22. Ke2
Nd7 23. Nxb5 Bxh4 24. Rxh4 Rxh4 25. Qxh4 Qg2+ 26. Qf2 Qxf2+ 27. Kxf2 Ke7 28. Na3
Nf6 29. Nc4 Rb8 30. d4 exd4 31. Bxd4 Nh5 32. Nb6 Bb7 33. Nh3 Ke6 34. Ng5+ Ke7
35. Rh1 g6 36. Nc4 Bc6 37. Rh4 Bb5 38. Nb6 Kd8 39. Nf7+ Kc7 40. Nd5+ Kc6 41.
Ne7+ Kd7 42. Nxg6 Ke6 43. Ng5+ Kd7 44. Rxh5 Bc4 45. Rh7+ Kc6 46. Ne7+ Kb5 47.
Nh3 Rf8 48. Nf5 Kc6 49. Rh6 Kb5 50. Bc3 d5 51. Nd6+ Ka4 52. Nf5 dxe4 53. Nd6 Bd3
54. Nxe4 Bb5 55. Rh4 Bd7 56. Nxf4 Bc6 57. Nd3 Kb3 58. Nec5+ Kc2 59. Ne1+ Kd1 60.
Nxa6 Re8 61. Rh1 Kc1 62. Nc5 Kb1 63. Ned3+ 1-0

[Event "Challenge"]
[Site "http://www.queenalice.com/game.php?id=1838354"]
[Date "2024.6.10"]
[Round "-"]
[White "Capixaba789"]
[Black "chyco"]
[Result "0-1"]
[WhiteElo "1830"]
[BlackElo "1534"]

1. h4 d5 2. h5 h6 3. Nf3 Nf6 4. d4 Qd6 5. Nc3 c6 6. e3 b5 7. a3 Bg4 8. Be2 Bxh5
9. Ne5 Bxe2 10. Qxe2 Nbd7 11. f4 h5 12. Bd2 Qe6 13. O-O-O Ne4 14. Nxe4 dxe4 15.
Rxh5 Rxh5 16. Qxh5 Nxe5 17. Qxe5 Qa2 18. Bc3 Qe6 19. Qc5 f5 20. Kb1 Kf7 21. d5
cxd5 22. Rxd5 g6 23. Qxb5 a6 24. Qa5 Qc8 25. Rd1 Rb8 26. Qd5+ Ke8 27. Be5 e6 28.
Qa2 Rb5 29. c4 Rc5 30. Bf6 Be7 31. Bxe7 Kxe7 32. b3 Qb7 33. Qd2 Qxb3+ 34. Qb2
Qxb2+ 35. Kxb2 Rxc4 36. Kb3 Rc8 37. g3 Rh8 38. Rg1 Rh3 39. a4 Rh2 40. Kb4 Rd2
41. Ka5 Rd6 42. Rb1 Kd7 43. Rb6 Rd3 44. Rxa6 Rxe3 45. Kb6 Rb3+ 46. Kc5 e3 47. a5
e2 0-1

[Event "Challenge"]
[Site "http://www.queenalice.com/game.php?id=1838429"]
[Date "2024.6.10"]
[Round "-"]
[White "AdilsonGomes"]
[Black "chyco"]
[Result "0-1"]
[WhiteElo "1455"]
[BlackElo "1608"]

1. e4 Nf6 2. Nc3 a6 3. Nf3 h6 4. Bc4 e6 5. d4 b5 6. Bb3 Bb7 7. e5 Ne4 8. Nxe4
Bxe4 9. O-O g5 10. Be3 Be7 11. Nd2 Bb7 12. c4 b4 13. c5 c6 14. Nc4 a5 15. Nb6
Ra7 16. Qh5 Ba6 17. Bc4 Bxc4 18. Nxc4 Na6 19. b3 Nc7 20. Nd6+ Bxd6 21. exd6 Nd5
22. Bd2 Nf6 23. Qh3 Ne4 24. Be3 Nc3 25. Qh5 Qf6 26. g3 Ne4 27. Qg4 h5 28. Qxe4
h4 29. g4 Rg8 30. h3 Rg6 0-1

[Event "Challenge"]
[Site "http://www.queenalice.com/game.php?id=1838430"]
[Date "2024.6.10"]
[Round "-"]
[White "chyco"]
[Black "AdilsonGomes"]
[Result "1-0"]
[WhiteElo "1597"]
[BlackElo "1466"]

1. e3 d6 2. h3 Nf6 3. Nf3 e5 4. c3 Be7 5. Qb3 Ne4 6. Bd3 Nc5 7. Qb5+ c6 8. Qc4
Qb6 9. b4 Nxd3+ 10. Qxd3 g6 11. e4 Bh4 12. Nxh4 Nd7 13. a3 d5 14. f3 Nf6 15. Qe2
dxe4 16. fxe4 Nh5 17. Qf3 Qb5 18. Rf1 O-O 19. d3 Nf4 20. c4 Qa4 21. Nc3 Qc2 22.
Rf2 Qxc3+ 23. Rd2 Qxa1 24. Rd1 Qc3+ 25. Kf2 Qc2+ 26. Bd2 Nxd3+ 27. Ke2 Nf4+ 28.
Ke1 Qxc4 29. Bxf4 exf4 30. Rd3 1-0

[Event "Challenge"]
[Site "http://www.queenalice.com/game.php?id=1839277"]
[Date "2024.6.27"]
[Round "-"]
[White "chyco"]
[Black "Capixaba789"]
[Result "0-1"]
[WhiteElo "1562"]
[BlackElo "1914"]

1. e3 e5 2. c3 d5 3. h3 Nf6 4. f3 Bd6 5. b4 O-O 6. g4 d4 7. exd4 exd4 8. a3 Bg3+
9. Ke2 Re8+ 10. Kd3 Nc6 11. Kc2 Re1 12. Qxe1 Bxe1 13. Ne2 d3+ 14. Kd1 dxe2+ 15.
Bxe2 Bh4 16. d4 g5 17. Nd2 Be6 18. Nf1 Nd5 19. Bb2 Nf4 20. Nd2 Nxe2 21. Kxe2 Qe8
22. Ne4 Bd5 23. Kd3 Bxe4+ 24. fxe4 Rd8 25. Bc1 Ne5+ 26. Kc2 Nc4 27. Kd3 b5 28.
Rf1 Qe5 29. Rf5 Qg3+ 30. Kc2 Qg2+ 31. Kb1 Qxe4+ 32. Ka2 Qc2+ 0-1

[Event "Aratury"]
[Site "http://www.queenalice.com/game.php?id=1845383"]
[Date "2024.10.13"]
[Round "-"]
[White "wj64"]
[Black "chyco"]
[Result "0-1"]
[WhiteElo "1586"]
[BlackElo "1633"]

1. e4 e6 2. e5 Nc6 3. d4 Qh4 4. Nf3 Qe4+ 5. Be2 Nb4 6. Na3 Nd5 7. O-O Bxa3 8.
bxa3 Nc3 9. Bd3 Qc6 10. Qd2 h6 11. Bb2 Na4 12. c4 g5 13. g4 Qxf3 14. Be2 Qc6 15.
f3 Qb6 16. Rfb1 c5 17. Bc3 Qc6 18. d5 exd5 19. cxd5 Qg6 20. e6 Nf6 21. Bd3 Qg7
22. exd7+ Bxd7 23. Rxb7 Nb6 24. d6 Nc8 25. Rab1 Bc6 26. Re1+ Kd8 27. Ba5+ Nb6
28. Bxb6+ axb6 29. Rxb6 Bxf3 30. Bf5 Nd5 31. Rb5 Qd4+ 32. Qxd4 cxd4 33. Kf2 Nc3
34. Rb4 Bc6 35. Rxd4 Rxa3 36. Rb4 Rxa2+ 37. Kg1 Ra8 38. Re3 Nd5 39. Reb3 Nxb4
40. Rxb4 Ke8 41. Kf2 Bd7 42. h3 Bxf5 43. gxf5 Kd7 44. Rd4 Rhe8 45. Kf3 Re5 46.
Kg4 Raa5 47. f6 Re6 48. Kh5 Rxf6 49. Rb4 Ra3 50. Kg4 Rf4+ 51. Rxf4 gxf4 52. h4
f3 53. Kg3 Kxd6 54. Kf2 Ke5 55. Kf1 Ra2 56. Kg1 Kf5 57. h5 Kg5 58. Kf1 Kxh5 59.
Kg1 Kg4 60. Kf1 Kg3 61. Ke1 f2+ 62. Kf1 Ra1+ 63. Ke2 f1=Q+ 64. Kd2 h5 65. Kc2 h4
66. Kd2 h3 67. Kc2 h2 68. Kd2 h1=Q 69. Ke3 Ra3+ 70. Kd4 Qd3+ 71. Ke5 Qhd5+ 72.
Kf6 Qe6+ 73. Kg5 Qeg6# 0-1

[Event "Monte Castello"]
[Site "http://www.queenalice.com/game.php?id=1845384"]
[Date "2024.10.13"]
[Round "-"]
[White "chyco"]
[Black "wj64"]
[Result "1-0"]
[WhiteElo "1618"]
[BlackElo "1583"]

1. e4 e5 2. c3 Nf6 3. d3 Bc5 4. Qe2 d6 5. b4 Bb6 6. f4 Bg4 7. Qc2 O-O 8. f5 d5
9. h3 Bh5 10. g4 Bxg4 11. hxg4 Re8 12. Bg2 Nxg4 13. Qe2 Nf2 14. Rh2 dxe4 15. Be3
Nxd3+ 16. Kf1 Bxe3 17. Qxe3 Nf4 18. Bxe4 c6 19. Nd2 Nd7 20. Qg3 Qf6 21. Ngf3 b5
22. Ng5 h5 23. Ndf3 Qh6 24. Rd1 Nb8 25. Nh4 f6 26. Ngf3 Kf7 27. Rd6 Rc8 28. Ng5+
Ke7 29. Rhd2 Qxg5 30. Qxg5 fxg5 31. Ng6+ Nxg6 32. fxg6 a5 33. a3 a4 34. Bf5 Rc7
35. Re6+ Kf8 36. Rxe5 Nd7 37. Bxd7 Rd8 38. Rf5+ Kg8 39. Be6+ Rf7 40. Rxd8# 1-0

[Event "Challenge"]
[Site "http://www.queenalice.com/game.php?id=1846137"]
[Date "2024.10.24"]
[Round "-"]
[White "Renie"]
[Black "chyco"]
[Result "0-1"]
[WhiteElo "1389"]
[BlackElo "1618"]

1. c4 c6 2. Nc3 e5 3. a3 d6 4. Qb3 Nf6 5. d3 b6 6. g3 Nbd7 7. Bg2 Nc5 8. Qa2 Bb7
9. Bg5 h6 10. Bxf6 Qxf6 11. a4 Be7 12. Nb5 Bd8 13. Nc3 a5 14. Qb1 Qg5 15. Nf3
Qf5 16. d4 Qxb1+ 17. Rxb1 exd4 18. Nxd4 O-O 19. Nxc6 Bxc6 20. Bxc6 Ra7 21. Nb5
Re7 22. Nc3 f5 23. Bd5+ Kh8 24. O-O Nb3 25. Rbd1 Re5 26. e3 Rf6 27. Nb5 Rg6 28.
f4 Re8 29. c5 Nxc5 30. Bf7 Ree6 31. Bxg6 Rxg6 32. Nxd6 Be7 33. Nxf5 Bf6 34. Rd6
Nxa4 35. b3 Nc5 36. Nd4 Ne4 37. f5 Rg5 38. Rxb6 Nd2 39. Rd1 Ne4 40. Ne6 Rxf5 41.
Rb8+ Kh7 42. Rc1 Rf3 43. Rc4 Rxe3 44. Rcc8 Re1+ 45. Kg2 Kg6 46. g4 Be5 47. Nf8+
Kg5 48. h3 Bxb8 49. Ne6+ Kf6 50. Nf8 Bd6 51. Nd7+ Kg5 52. Rg8 Kg6 53. Nb6 Re3
54. Nc8 Rg3+ 55. Kh2 Rf3+ 56. Kg2 Be5 57. Re8 Rg3+ 58. Kf1 Kf6 59. Rf8+ Kg6 60.
Rf5 Bf6 61. Rxa5 Nd2+ 62. Ke2 Nxb3 63. Ra6 Rxh3 64. Rb6 Nd4+ 65. Kd2 Rh2+ 66.
Kd3 Ne2 67. Ne7+ Kf7 68. Nf5 Nf4+ 69. Ke4 Ne6 70. Nd6+ Kg6 71. Nc4 Rf2 72. Ne5+
Kg5 73. Nf7+ Kxg4 74. Rxe6 Re2+ 75. Kd5 Rxe6 76. Kxe6 h5 77. Nh8 h4 78. Ng6 h3
79. Kf7 h2 80. Ke6 h1=Q 81. Kf7 Qd5+ 0-1

[Event "Challenge"]
[Site "http://www.queenalice.com/game.php?id=1846139"]
[Date "2024.10.24"]
[Round "-"]
[White "Renie"]
[Black "chyco"]
[Result "0-1"]
[WhiteElo "1403"]
[BlackElo "1647"]

1. c4 e5 2. Nc3 c6 3. e3 d6 4. Nf3 Bf5 5. a3 Nf6 6. b4 a6 7. d3 Ng4 8. h3 Nh6 9.
e4 Bg6 10. Qb3 f6 11. Be2 Bf7 12. Qc2 b5 13. cxb5 axb5 14. O-O g5 15. Nd2 Be7
16. Bb2 O-O 17. a4 Nd7 18. a5 Nb8 19. Nf3 Na6 20. Ba3 Rb8 21. Rad1 d5 22. exd5
cxd5 23. d4 e4 24. Nd2 Bxb4 25. Bxb4 Nxb4 26. Qb3 Qxa5 27. Ra1 Qc7 28. Qxb4 Qf4
29. Nxb5 Nf5 30. g3 Nxg3 31. Rfb1 Nxe2+ 32. Kf1 Ng3+ 33. Kg2 Nh5 34. Nb3 e3 35.
Rb2 exf2 36. Rxf2 Qg3+ 37. Kf1 Qxh3+ 38. Kg1 Nf4 39. Rxf4 Qg3+ 40. Kh1 Qxf4 41.
Ra5 Rfe8 42. Nd2 Re1+ 43. Kg2 Re2+ 44. Kg1 Qf2+ 0-1

[Event "revanche 1"]
[Site "http://www.queenalice.com/game.php?id=1847264"]
[Date "2024.11.16"]
[Round "-"]
[White "wj64"]
[Black "chyco"]
[Result "1-0"]
[WhiteElo "1579"]
[BlackElo "1634"]

1. e4 c5 2. d4 e6 3. Nf3 b6 4. Bc4 Qc7 5. Ne5 a6 6. Qf3 f6 7. Ng4 b5 8. Be2 Bb7
9. Bf4 d6 10. c3 h5 11. Ne3 c4 12. d5 e5 13. Bg3 Nd7 14. Bh4 Nc5 15. Qf5 Ne7 16.
Qh3 Bc8 17. Qf3 Ng6 18. Nf5 Bxf5 19. exf5 Nxh4 20. Qh3 Nxg2+ 21. Qxg2 Na4 22.
Qg6+ Qf7 23. Qxf7+ Kd8 24. Bxh5 Be7 25. Qg6 Rg8 26. b3 Nb2 27. Nd2 Kd7 28. Qg4
Rh8 29. Ne4 Rh6 30. Ng3 Rg8 31. O-O Bf8 32. b4 Na4 33. Rfc1 Nb2 34. Qg6 Rxg6 35.
Bxg6 Nd3 36. Rf1 Rh8 37. a4 Be7 38. axb5 axb5 39. Ra7+ Kc8 40. Ra8+ Kb7 41. Rxh8
Nf4 42. Rh7 Nxd5 43. Ne4 Kc7 44. Rxg7 Kc6 45. Be8+ Kc7 46. Bxb5 Kd8 47. Bxc4 Nc7
48. Bb3 Ne8 49. Rg8 Kd7 50. Ra1 Nc7 51. Ra7 Kc6 52. Rb8 Kd7 53. Ba4# 1-0

[Event "revanche 2 "]
[Site "http://www.queenalice.com/game.php?id=1847265"]
[Date "2024.11.16"]
[Round "-"]
[White "chyco"]
[Black "wj64"]
[Result "0-1"]
[WhiteElo "1653"]
[BlackElo "1576"]

1. e3 d5 2. d4 Nc6 3. Nc3 g6 4. Qf3 Bf5 5. Bd3 Bxd3 6. cxd3 e6 7. Qg3 Nb4 8. Kd2
Bd6 9. f4 a6 10. a3 Nc6 11. e4 Nxd4 12. exd5 Qf6 13. Kd1 exd5 14. Nxd5 Qd8 15.
Nh3 Be7 16. f5 Qxd5 17. Re1 Qb3+ 18. Kd2 Qc2+ 19. Ke3 Nxf5+ 20. Kf3 Nxg3 21.
Kxg3 Qxd3+ 22. Re3 Qd6+ 23. Nf4 g5 24. Rf3 gxf4+ 25. Bxf4 Qg6+ 26. Kf2 Qc2+ 27.
Kg3 Qxb2 28. Re1 O-O-O 29. Be5 Qd2 30. Ree3 Bd6 31. Bxd6 Qxd6+ 32. Kh3 Qh6+ 33.
Kg3 Nf6 34. h3 Rhg8+ 35. Kf2 Rd2+ 36. Re2 Ne4+ 37. Ke1 Rxe2+ 38. Kxe2 Rxg2+ 39.
Kf1 Ra2 40. Rxf7 Qc1# 0-1

[Event "Challenge"]
[Site "http://www.queenalice.com/game.php?id=1847604"]
[Date "2024.11.22"]
[Round "-"]
[White "Kryptus"]
[Black "chyco"]
[Result "0-1"]
[WhiteElo "1241"]
[BlackElo "1616"]

1. e4 a6 2. d4 e6 3. Bc4 b5 4. Bb3 Nf6 5. Nc3 b4 6. e5 bxc3 7. bxc3 Ne4 8. Be3
Nxc3 9. Qd3 Nb5 10. c4 Na3 11. Nf3 Nc6 12. Bg5 Be7 13. O-O Bxg5 14. Nxg5 Qxg5
15. f4 Qh4 16. c5 O-O 17. g3 Qh3 18. d5 Nb4 19. Qc3 a5 20. dxe6 dxe6 21. Rf3 Bb7
22. Rf2 g6 23. Rd1 Be4 24. Rd4 Bf5 25. Rd7 c6 26. Ba4 Ra6 27. Qxa3 Nd3 28. Rd2
Qg4 29. R2xd3 Qe2 30. R3d6 Qe1+ 31. Kg2 Be4+ 32. Kh3 Qf1+ 33. Kg4 h5+ 34. Kg5
Kg7 35. Rxe6 Qh3 36. Bd1 Qxe6 37. Rd6 Qf5+ 38. Kh4 Kh6 39. g4 Qxf4 40. Qh3 Qg5+
41. Kg3 Qxe5+ 42. Kf2 Qxc5+ 43. Kg3 Qxd6+ 44. Kh4 g5# 0-1

[Event "Challenge"]
[Site "http://www.queenalice.com/game.php?id=1848265"]
[Date "2024.12.4"]
[Round "-"]
[White "wj64"]
[Black "chyco"]
[Result "1-0"]
[WhiteElo "1654"]
[BlackElo "1610"]

1. c4 e5 2. e4 c5 3. g3 d6 4. d3 h6 5. Be3 h5 6. Bh3 f6 7. Bxc8 Qxc8 8. Nc3 b6
9. Qa4+ Qd7 10. Qxd7+ Nxd7 11. Nd5 Rc8 12. Ne2 Ne7 13. Nec3 Nc6 14. Nb5 a6 15.
Nbc7+ Kd8 16. Nxa6 Ra8 17. Nac7 Ra7 18. Ne6+ Ke8 19. h4 Kf7 20. Nxf8 Rxf8 21.
Bc1 Nd4 22. Kd1 Ra5 23. a3 Nb3 24. Rb1 Rh8 25. Ke2 Nd4+ 26. Kf1 b5 27. Bd2 Ra4
28. Nc3 bxc4 29. Nxa4 cxd3 30. Bc3 Nf3 31. Kg2 Ra8 32. b3 Nd4 33. Bxd4 cxd4 34.
Rhd1 Ke6 35. Rxd3 f5 36. f3 fxe4 37. fxe4 Nf6 38. Kf3 Ng4 39. Ra1 Rc8 40. Rd2
Ne3 41. Ke2 Ng4 42. Rb1 Rf8 43. Ke1 Ne3 44. Ke2 d5 45. exd5+ Nxd5 46. Rg1 g6 47.
b4 Ne3 48. Rc1 Nc4 49. Rxc4 Kd5 50. Rc5+ Ke4 51. b5 Rg8 52. b6 Rf8 53. b7 Rb8
54. Rc7 Kd5 55. Rg7 Kc6 56. Rb2 e4 57. Rxg6+ Kc7 58. Rg7+ 1-0

[Event "Challenge"]
[Site "http://www.queenalice.com/game.php?id=1848266"]
[Date "2024.12.4"]
[Round "-"]
[White "chyco"]
[Black "wj64"]
[Result "0-1"]
[WhiteElo "1625"]
[BlackElo "1639"]

1. c3 c5 2. g3 Qb6 3. Na3 Nf6 4. Nc4 Qe6 5. b3 Ne4 6. f3 Nd6 7. d3 Nb5 8. Bb2 g6
9. e4 Bg7 10. Bh3 Qc6 11. a4 Bxc3+ 12. Bxc3 Nxc3 13. Qd2 Qf6 14. Rc1 d5 15. Rxc3
Bxh3 16. Nxh3 d4 17. Rc2 Qxf3 18. Nf2 Nc6 19. Qh6 O-O-O 20. Qf4 Qxf4 21. gxf4
Nb4 22. Rc1 b6 23. Ne5 Rdf8 24. Nc6 Nxc6 25. O-O Nb4 26. Ng4 Nxd3 27. Rc4 h5 28.
Rf3 Nb4 29. Ne5 a5 30. Nd3 Nxd3 31. Rxd3 Kd7 32. e5 Ke6 33. Kf2 Kd5 34. Rc2 Ke4
35. Rf3 e6 36. Re2+ Kd5 37. h4 Kc6 38. Rd3 Kd5 39. Kf3 Rc8 40. Rc2 Rhf8 41. Re2
f5 42. Rc2 Kc6 43. Rc4 Rcd8 44. Rd2 Rd5 45. Ke2 Rfd8 46. Kd3 Kb7 47. Rg2 Rg8 48.
Rg5 Rd7 49. b4 cxb4 50. Rxd4 Rc7 51. Rd6 b3 52. Rxe6 b2 53. Rg1 Rc1 54. Re7+ Ka6
55. Rxc1 bxc1=Q 56. Kd4 Qc5+ 0-1

[Event "Challenge"]
[Site "http://www.queenalice.com/game.php?id=1849929"]
[Date "2025.1.6"]
[Round "-"]
[White "Renie"]
[Black "chyco"]
[Result "1-0"]
[WhiteElo "1429"]
[BlackElo "1567"]

1. c4 e6 2. Nc3 c6 3. a3 Bc5 4. Nf3 g5 5. b4 h6 6. bxc5 Na6 7. Ne4 g4 8. Nd4 f5
9. Nd6+ Ke7 10. Qb3 Nxc5 11. Qg3 Nf6 12. Bb2 h5 13. Qh4 Kxd6 14. Nxf5+ Kc7 15.
Bxf6 Qf8 16. Qg3+ Kb6 17. Rb1+ Ka6 18. Bxh8 Qxh8 19. Ne3 Qf8 20. Nd1 b6 21. Nc3
Qf5 22. e3 Rb8 23. Qxb8 Bb7 24. Rb4 Qc2 25. g3 Qc1+ 26. Ke2 Qxa3 27. Rb1 Qa5 28.
Qh8 Qa3 29. Qxh5 Nb3 30. Rd1 Nc5 31. Qxg4 Qb3 32. Bg2 Ka5 33. Ra1+ Kb4 34. Na2+
Ka3 35. Nc1+ 1-0

[Event "Duelo 1"]
[Site "http://www.queenalice.com/game.php?id=1850003"]
[Date "2025.1.8"]
[Round "-"]
[White "wj64"]
[Black "chyco"]
[Result "1-0"]
[WhiteElo "1635"]
[BlackElo "1581"]

1. c4 e6 2. Qb3 c5 3. Nf3 b6 4. d3 Nc6 5. Bd2 Qf6 6. Bc3 e5 7. e4 d6 8. Nbd2 Be7
9. O-O-O Nh6 10. h3 Qg6 11. h4 Ng4 12. Rg1 Nxf2 13. Re1 Nxd3+ 14. Bxd3 Qg3 15.
Re2 Bg4 16. Qd1 h5 17. Nf1 Qf4+ 18. Bd2 Qf6 19. Bg5 Qe6 20. Bxe7 Qxe7 21. Rh1
Rh6 22. Qe1 Rf6 23. N1h2 a5 24. a3 a4 25. Rf2 Na5 26. Rhf1 Bd7 27. Be2 Bc6 28.
Ng5 Nb3+ 29. Kb1 Rf4 30. Bf3 g6 31. g3 Rf6 32. Nh7 Re6 33. Bg2 O-O-O 34. Rxf7
Qe8 35. Bh3 Rd7 36. Rf8 Qxf8 37. Rxf8+ Kc7 38. Bxe6 Rxh7 39. Rf7+ Rxf7 40. Bxf7
Nd4 41. Bxg6 Nb3 42. Bxh5 Na5 43. Bf3 Nxc4 44. h5 Na5 45. h6 1-0

[Event "Duelo 2"]
[Site "http://www.queenalice.com/game.php?id=1850004"]
[Date "2025.1.8"]
[Round "-"]
[White "chyco"]
[Black "wj64"]
[Result "0-1"]
[WhiteElo "1596"]
[BlackElo "1620"]

1. e3 c5 2. c4 Qb6 3. b3 g6 4. Nc3 Qc6 5. e4 e5 6. Qf3 Na6 7. Nd5 Nb4 8. Qd1
Nxd5 9. exd5 Qf6 10. h3 Bd6 11. Bb2 Nh6 12. g3 b6 13. Nf3 g5 14. Bc1 e4 15. Rb1
exf3 16. Bb2 Qe7+ 17. Be2 fxe2 18. Qc2 f6 19. h4 Be5 20. Ba3 d6 21. d3 Nf5 22.
g4 Nd4 23. Qc1 Bf4 24. Rh3 Bxc1 25. Rxc1 Bxg4 26. Re3 Nf3+ 27. Rxf3 Bxf3 28. Rc3
gxh4 29. d4 Qe4 30. Re3 Qxe3 31. fxe3 h3 32. Kf2 Bg4 33. Bc1 O-O-O 34. Bd2 Rhg8
35. Kg3 Bf5+ 36. Kh2 Rg2+ 37. Kh1 Rdg8 38. Be1 Be4 39. Bh4 h2 40. Bxf6 cxd4 41.
b4 Rf2# 0-1

[Event "1"]
[Site "http://www.queenalice.com/game.php?id=1851188"]
[Date "2025.1.29"]
[Round "-"]
[White "wj64"]
[Black "chyco"]
[Result "0-1"]
[WhiteElo "1695"]
[BlackElo "1545"]

1. e4 a6 2. Nf3 e6 3. g3 Nf6 4. e5 Ng4 5. Nd4 Nxe5 6. Bg2 Qf6 7. O-O h5 8. Nc3
c6 9. Ne4 Qg6 10. d3 c5 11. Ne2 Nbc6 12. f4 Ng4 13. h4 d5 14. Nf2 Bd7 15. b3 a5
16. Nh3 f5 17. Ba3 Ne3 18. Qe1 Nxc2 19. Qc1 Nxa1 20. Qxa1 b5 21. Qc1 b4 22. Bb2
Bd6 23. Ng5 O-O 24. d4 Be7 25. Qc2 Rab8 26. dxc5 Rb5 27. Bd4 Nxd4 28. Nxd4 Rxc5
29. Qb2 Rc3 30. Ndf3 Rfc8 31. Ne5 Bc5+ 32. Kh2 Qe8 33. Rc1 Bd4 34. Rxc3 Rxc3 35.
Qd2 Be3 36. Qd1 Bb5 37. Ngf3 Rc1 38. Qxc1 Bxc1 39. Nd4 Ba6 40. Ndc6 Bb5 41. Nd4
Ba6 42. Bf3 Qc8 43. Bxh5 Bb2 44. Bf7+ Kf8 45. Bxe6 Qc1 46. Nxf5 Qd2+ 47. Kh3
Bf1+ 48. Kg4 Qe2+ 49. Kg5 d4 50. Ng6+ Ke8 51. Nxg7+ Kd8 52. h5 d3 53. Bg4 Qg2
54. Ne6+ Kd7 55. Ngf8+ Kd6 56. Kh4 Bf6+ 57. Ng5 Qh2+ 0-1

[Event "2"]
[Site "http://www.queenalice.com/game.php?id=1851189"]
[Date "2025.1.29"]
[Round "-"]
[White "chyco"]
[Black "wj64"]
[Result "1-0"]
[WhiteElo "1567"]
[BlackElo "1650"]

1. e3 d5 2. f4 Bf5 3. d4 g6 4. g4 Be4 5. g5 Bxh1 6. Nc3 c6 7. Bd3 Be4 8. Bxe4
dxe4 9. Nxe4 Na6 10. Bd2 Qd5 11. Qf3 h6 12. b3 Nb4 13. Bxb4 b6 14. c4 Qd7 15.
Qg3 h5 16. h4 O-O-O 17. O-O-O f5 18. Nf2 a5 19. Bc3 Bg7 20. Qf3 e6 21. Nd3 Bf8
22. Ne5 Qb7 23. Nxc6 Rd6 24. d5 Rh7 25. Be5 Rdd7 26. dxe6 Rxd1+ 27. Kxd1 Ba3 28.
Qd5 Be7 29. Bd6 Bd8 30. Bf8 Qc7 31. Bd6 Qb7 32. Nf3 Ne7 33. Bxe7 Bxe7 34. Nfe5
Rg7 35. Qd7+ Qxd7+ 36. exd7+ Kc7 37. Nd4 Rg8 38. Ke2 Kd6 39. Nb5+ Ke6 40. Nd4+
Kd6 41. Ndc6 Bd8 42. Kd3 Kc7 43. Kd4 Kd6 44. Na7 Rg7 45. Nb5+ Ke7 46. Kd5 Kf8
47. Kd6 Kg8 48. Nd4 Be7+ 49. Kc6 Kh8 50. Kxb6 Bd8+ 51. Kc6 Kg8 52. Ne6 Be7 53.
Nxg7 Kxg7 54. Kc7 Kf8 55. d8=Q+ Bxd8+ 56. Kxd8 Kg7 57. c5 Kf8 58. c6 a4 59. bxa4
Kg7 60. c7 Kf8 61. c8=Q Kg8 62. Ke8 Kg7 63. Qd8 Kg8 64. Qd5+ Kh8 65. Nxg6+ Kh7
66. Qf7# 1-0